Historia económica de la Europa moderna / (Registro nro. 11667)

Detalles MARC
000 -LEADER
fixed length control field 01086nam a2200265Ia 4500
003 - CONTROL NUMBER IDENTIFIER
control field OSt
005 - DATE AND TIME OF LATEST TRANSACTION
control field 20210503145704.0
008 - FIXED-LENGTH DATA ELEMENTS--GENERAL INFORMATION
fixed length control field 210310s1957 mx abd gr 000 0 spa d
040 ## - CATALOGING SOURCE
Original cataloging agency CO-JMCR
Transcribing agency CO-JMCR
041 1# - LANGUAGE CODE
Language code of text/sound track or separate title spa
Language code of original eng
082 04 - DEWEY DECIMAL CLASSIFICATION NUMBER
Classification number 330.94 /
Item number F899h
Edition number 23
100 1# - MAIN ENTRY--PERSONAL NAME
Personal name Friedlaender, H.E.,
Relator term autor
9 (RLIN) 26133
245 10 - TITLE STATEMENT
Title Historia económica de la Europa moderna /
Statement of responsibility, etc. H. E. Friedlaender, J. Oser ; traducción de Florentino M. Torner
250 ## - EDITION STATEMENT
Edition statement Primera edición
260 ## - PUBLICATION, DISTRIBUTION, ETC.
Place of publication, distribution, etc. México :
Name of publisher, distributor, etc. Fondo de Cultura Económica,
Date of publication, distribution, etc. 1957.
300 ## - PHYSICAL DESCRIPTION
Extent 695 páginas :
Other physical details ilustraciones, mapas y gráficos en blanco y negro ;
Dimensions 22 cm.
500 ## - GENERAL NOTE
General note incluye notas a pie de página.
504 ## - BIBLIOGRAPHY, ETC. NOTE
Bibliography, etc. note Bibliografía: páginas 673.
505 0# - FORMATTED CONTENTS NOTE
Formatted contents note Nacimiento del capitalismo. -- La madurez del capitalismo. -- El periodo entre guerras mundiales. -- La segunda guerra mundial y tiempos posteriores.
650 14 - SUBJECT ADDED ENTRY--TOPICAL TERM
Topical term or geographic name entry element Historia económica
9 (RLIN) 37386
650 24 - SUBJECT ADDED ENTRY--TOPICAL TERM
Topical term or geographic name entry element Capitalismo
Chronological subdivision 1870-
9 (RLIN) 37387
700 1# - ADDED ENTRY--PERSONAL NAME
Personal name Oser, J.,
Relator term autor
9 (RLIN) 37388
700 1# - ADDED ENTRY--PERSONAL NAME
Personal name Torner, Florentino M.,
Relator term traductor
9 (RLIN) 1750
942 ## - ADDED ENTRY ELEMENTS (KOHA)
Source of classification or shelving scheme Dewey Decimal Classification
Koha item type Books
Existencias
Withdrawn status Lost status Source of classification or shelving scheme Damaged status Not for loan Home library Current library Shelving location Date acquired Source of acquisition Total Checkouts Full call number Barcode Date last seen Date last checked out Copy number Price effective from Koha item type
    Dewey Decimal Classification     Biblioteca Pública José María del Castillo y Rada Biblioteca Pública José María del Castillo y Rada General Stacks 04/15/2018 Donación 1 330.94 / F899h 430002112 05/16/2024 03/04/2024 Ej.1 03/10/2021 Books